000 00619nam a2200229 i 4500
001 C2-0287439
003 PPAK
005 20180728020743.0
008 080212s2006 nyua|||| ||||| | eng d
020 _a9780810949423
040 _aPPAK
_beng
_cPPAK
_erda
082 0 4 _a974.71
_223
090 0 0 _a974.71
_bNEW
_dRLCK
245 0 0 _aNew York 365 days
264 1 _aNew York :
_bAbrams ,
_c2006
300 _a1 vol. :
_bcolour illustrations ;
_c16 cm
336 _2rdacontent
_atext
337 _2rdamedia
_aunmediated
338 _2rdacarrier
_avolume
650 1 0 _aNew York - Description and travel
942 _ddc
_cB
999 _c93139
_d93139